Представление документа в формате MARC21

Поле Инд. ПП Название Значение
Тип записи a
Библиографический уровень a
001 Контрольный номер 7120e6c8e00149f89f32d218c0136d9d
005 Дата корректировки 20241224152657.0
020 a ISBN 978-5-7995-1350-4
041 0_ a Код языка текста rus
080 a Индекс УДК 378.1:004
097 b Оператор *Плё*
100 1_ a Автор Шалимов И.В.
245 10 a Заглавие Оценка качества высшего образования: современные инструменты и особенности их применения
b Продолж. заглавия статья
p Название части/ раздела Текст : электронный
520 0_ a Аннотация Рассмотрен вопрос оценки качества высшего образования с помощью современных инструментов, а также особенности их использования и проблемы, связанные с оценкой. Указано, что к таким инструментам относятся анализ данных, установление удовлетворенности студентов, онлайн-ресурсы и искусственный интеллект. Сделан вывод, что применение современных методов и технологий может существенно улучшить процесс оценки качества высшего образования и сделать его более объективным, точным.
653 0_ a Ключевые слова Оценка
a Ключевые слова Качество
a Ключевые слова Высшее образование
a Ключевые слова Образовательная программа
a Ключевые слова Трудоустройство
a Ключевые слова Выпускник
a Ключевые слова Технологический прогресс
a Ключевые слова Цифровизация
a Ключевые слова Современное общество
a Ключевые слова Искусственный интеллект
a Ключевые слова Студент
a Ключевые слова Социальный прогресс
a Ключевые слова Инфраструктура
a Ключевые слова Сотрудничество
700 12 a Другие авторы Байрамов Р.С.
773 18 w Контрольный № источника 9822ff8ddc524d69a02bf684fd804d35
t Название источника Актуальные проблемы качества образования в высшей школе
d Место и дата издания Тверь : ТвГТУ, 2024
g Прочая информация С. 152-156
900 a Имя макрообъекта 001-000161175-000000000-0000-0000-01
901 t Тип документа a
950 a Редактор записи вш
951 i EL-ТГТУ? да